Financial education and investment awareness (Record no. 233840)
[ view plain ]
| 000 -LEADER | |
|---|---|
| fixed length control field | 00940nam a22002537a 4500 |
| 005 - DATE AND TIME OF LATEST TRANSACTION | |
| control field | 20250707151400.0 |
| 008 - FIXED-LENGTH DATA ELEMENTS--GENERAL INFORMATION | |
| fixed length control field | 250219b ||||| |||| 00| 0 eng d |
| 020 ## - INTERNATIONAL STANDARD BOOK NUMBER | |
| International Standard Book Number | 9788197595189 |
| 040 ## - CATALOGING SOURCE | |
| Transcribing agency | AL |
| 041 ## - LANGUAGE CODE | |
| Language code of text/sound track or separate title | English |
| 082 ## - DEWEY DECIMAL CLASSIFICATION NUMBER | |
| Edition number | 23 |
| Classification number | 332.6 |
| Item number | SOAF |
| 100 ## - MAIN ENTRY--PERSONAL NAME | |
| Personal name | Florin Shelomith Soans |
| 100 ## - MAIN ENTRY--PERSONAL NAME | |
| 9 (RLIN) | 217660 |
| 245 ## - TITLE STATEMENT | |
| Title | Financial education and investment awareness |
| Remainder of title | : skill enhancement course |
| 260 ## - PUBLICATION, DISTRIBUTION, ETC. | |
| Place of publication, distribution, etc. | Mangalore |
| Name of publisher, distributor, etc. | St Aloysius Prakashana |
| Date of publication, distribution, etc. | 2024 |
| 300 ## - PHYSICAL DESCRIPTION | |
| Extent | 176 p. |
| Other physical details | PB |
| Dimensions | 21x13.7 cm. |
| 365 ## - TRADE PRICE | |
| Price amount | ₹100.00 |
| Currency code | ₹ |
| Unit of pricing | ₹100.00 |
| 520 ## - SUMMARY, ETC. | |
| Summary, etc. | Dr Florin Shelomith Soans Assistant Professor St Aloysius (Deemed to be University)<br/>Dr Zeena Flavia Dsouza Associate Professor St Aloysius (Deemed to be University) |
| 650 ## - SUBJECT ADDED ENTRY--TOPICAL TERM | |
| Topical term or geographic name entry element | Foundations of Finance |
| 9 (RLIN) | 201057 |
| 650 ## - SUBJECT ADDED ENTRY--TOPICAL TERM | |
| Topical term or geographic name entry element | Banking in India |
| 9 (RLIN) | 201058 |
| 650 ## - SUBJECT ADDED ENTRY--TOPICAL TERM | |
| Topical term or geographic name entry element | Investment Management |
| 9 (RLIN) | 201059 |
| 650 ## - SUBJECT ADDED ENTRY--TOPICAL TERM | |
| Topical term or geographic name entry element | Mutual Funds |
| 9 (RLIN) | 201122 |
| 700 ## - ADDED ENTRY--PERSONAL NAME | |
| Personal name | Dsouza, Zeena Flavia |
| 9 (RLIN) | 201123 |
| 942 ## - ADDED ENTRY ELEMENTS (KOHA) | |
| Source of classification or shelving scheme | Dewey Decimal Classification |
| Koha item type | Donated Books |
| Withdrawn status | Lost status | Source of classification or shelving scheme | Damaged status | Not for loan | Collection code | Home library | Current library | Date acquired | Cost, normal purchase price | Total Checkouts | Total Renewals | Full call number | Barcode | Date last seen | Date last checked out | Cost, replacement price | Price effective from | Koha item type | Public note |
|---|---|---|---|---|---|---|---|---|---|---|---|---|---|---|---|---|---|---|---|
| Dewey Decimal Classification | Commerce | St Aloysius Library | St Aloysius Library | 02/19/2025 | 100.00 | 7 | 2 | 332.6 SOAF | D06269 | 04/24/2026 | 04/08/2026 | 100.00 | 02/19/2025 | Donated Books | Donated by St Aloysius Prakashana | ||||
| Dewey Decimal Classification | Commerce | St Aloysius Library | St Aloysius Library | 02/19/2025 | 100.00 | 5 | 2 | 332.6 SOAF | D06272 | 03/06/2026 | 03/03/2026 | 100.00 | 02/19/2025 | Donated Books | Donated by Dr Zeena Flavia Dsouza |